| 000 | 00518nam a22001937a 4500 | ||
|---|---|---|---|
| 003 | OSt | ||
| 005 | 20161202180634.0 | ||
| 008 | 161202b xxu||||| |||| 00| 0 eng d | ||
| 020 | _a0521598419 | ||
| 040 | _cDDC | ||
| 082 | _a530.12 LEV 2002 | ||
| 100 |
_aLevin, F.S _911338 |
||
| 245 | _aIntroduction to Quantum Theory | ||
| 260 | _aCambridge University Press, 2002 | ||
| 300 | _axiii,793p; ill: 25cm | ||
| 504 | _aAppendices, references, & index included | ||
| 650 |
_aQuantum theory _94791 |
||
| 942 |
_2z _cO_SHELF |
||
| 999 |
_c5425 _d5425 |
||